Online
Catalog

Twentieth-Century Europe / (Record no. 43503)

MARC details
000 -CABECERA
campo de control de longitud fija 00613nam a2200193 a 4500
001 - NÚMERO DE CONTROL
campo de control 000044014
005 - FECHA Y HORA DE LA ÚLTIMA TRANSACCIÓN
campo de control 20201002045108.0
008 - DATOS DE LONGITUD FIJA--INFORMACIÓN GENERAL
campo de control de longitud fija 140513s1981 enkae 000 0 spa d
020 ## - NÚMERO INTERNACIONAL ESTÁNDAR DEL LIBRO
Número Internacional Estándar del Libro 0333279840
040 ## - FUENTE DE LA CATALOGACIÓN
Centro catalogador/agencia de origen DO-SdBNP
Lengua de catalogación spa
Centro/agencia transcriptor BNPHU
082 ## - NÚMERO DE LA CLASIFICACIÓN DECIMAL DEWEY
Número de clasificación xxxx
Número de documento/Ítem xxxx
100 1# - ENTRADA PRINCIPAL--NOMBRE DE PERSONA
Nombre de persona Brown, Richard
9 (RLIN) 71989
245 10 - MENCIÓN DE TÍTULO
Título Twentieth-Century Europe /
Mención de responsabilidad, etc. Richard Brown, Christopher W Daniels.
260 ## - PUBLICACIÓN, DISTRIBUCIÓN, ETC.
Lugar de publicación, distribución, etc. [Basingstoke]
-- Macmillan Education,
Fecha de publicación, distribución, etc. 1981.
300 ## - DESCRIPCIÓN FÍSICA
Extensión viii, 120 p. :
Otras características físicas il., planos ;
Dimensiones 22 cm.
490 1# - MENCIÓN DE SERIE
Mención de serie Documents and debates
700 12 - PUNTO DE ACCESO ADICIONAL--NOMBRE DE PERSONA
Nombre de persona Daniels, Christopher W.
9 (RLIN) 71990
830 #0 - PUNTO DE ACCESO ADICIONAL DE SERIE-TÍTULO UNIFORME
Título uniforme Documents and debates
9 (RLIN) 71991
Holdings
Estado de retiro Estado de pérdida Restricciones de uso No para préstamo Código de colección Localización permanente Ubicación/localización actual Ubicación en estantería Fecha de adquisición Número de inventario Total de préstamos Signatura topográfica completa Código de barras Fecha visto por última vez Precio válido a partir de Tipo de ítem Koha
      Excluido de préstamo Monografías: Libros y Folletos General General En catalogación 13.05.2014 LF1   xxxx xxxx 44014-10 25.06.2020 25.06.2020 No se presta

Powered by Koha